000
00311nam a22001457a 4500
008
230615b ||||| |||| 00| 0 eng d
020
_a
9781760371982
041
_a
eng
080
_a
030
082
_a
030HEE
100
_a
44
101
_a
ENCI
245
_a
AUSTRALIAN MIDWIVES
_c
HEELAN.P
942
_2
udc
_c
BK
999
_c
59980
_d
59980